000 00694nam a2200229Ia 4500
003 GCL
008 140319s9999 xx 000 0 ara d
020 _a1386293977
040 _aGCL /
_cGCL
082 0 4 _a364
_bع ج
100 1 _aعطيه حسن
245 1 0 _aجرائم هزت العالم /
_cعطيه حسن
250 _aالاولى
260 _aالقاهرة :
_bمكتبة الدار العربية للكتاب ،
_c2005
300 _a287 ص ؛
_c24 سم
650 0 4 _aالجريمة والمجرمون
650 0 4 _aجرائم القتل
650 0 4 _aجرائم السرقة
650 0 4 _aجرائم الاموال
650 0 4 _aجرائم الغش
942 _2ddc
_cBK
999 _c8029
_d8029